000 00424nam a2200169Ia 4500
008 220204s9999 xx 000 0 und d
082 _a575:631.523
_bKON
100 _aKoncz, C Saba
245 0 _aMethods in Arabidopsis research
260 _aLondon
_bWorld Scientific
_c1992
650 _aGel electrophoresis
650 _aGene isolation
650 _aGenome mapping
650 _aPCR
650 _aRAPD
942 _cBK
999 _c40585
_d40585